European Countries by Jewish Population before WWII - Statistics

General Stats
  • This quiz has been taken 87 times
  • The average score is 10 of 12
Answer Stats
Jewish Population (1933) Country 1933 Jewish Population (% of Total Population) % Correct
3,325,000 Poland 10.3%
100%
330,000 France 0.9%
99%
525,000 Germany 0.8%
97%
385,000 United Kingdom 0.8%
95%
185,000 Austria 2.8%
89%
401,000 Hungary 4.9%
89%
112,000 Netherlands 1.4%
89%
757,000 Romania 4.2%
87%
3,020,000 Soviet Union 1.8%
84%
357,000 Czechoslovakia 2.4%
59%
168,000 Lithuania 7.3%
55%
91,500 Latvia 5.0%
53%
No matching quizzes found
Score Distribution
Percent of People with Each Score
Percentile by Number Answered
Your Score History
You have not taken this quiz